Sthree Sankalpam Basheerkrithikalil (സ്ത്രീ സങ്കല്‌പം ബഷീർ കൃതികളിൽ ) (Record no. 91044)

MARC details
000 -LEADER
fixed length control field a
005 - DATE AND TIME OF LATEST TRANSACTION
control field 20190704142909.0
008 - FIXED-LENGTH DATA ELEMENTS--GENERAL INFORMATION
fixed length control field 190703b ||||| |||| 00| 0 eng d
020 ## - INTERNATIONAL STANDARD BOOK NUMBER
International Standard Book Number 9788177057478
080 ## - UNIVERSAL DECIMAL CLASSIFICATION NUMBER
Universal Decimal Classification number 89M-3BAS.09
Item number UNN
100 ## - MAIN ENTRY--PERSONAL NAME
Personal name Unnikrishnan Kallil
245 ## - TITLE STATEMENT
Title Sthree Sankalpam Basheerkrithikalil (സ്ത്രീ സങ്കല്‌പം ബഷീർ കൃതികളിൽ )
260 ## - PUBLICATION, DISTRIBUTION, ETC. (IMPRINT)
Name of publisher, distributor, etc Olive
Place of publication, distribution, etc Thiruvanathapuram
Date of publication, distribution, etc 2017
300 ## - PHYSICAL DESCRIPTION
Extent 172 p.
653 ## - INDEX TERM--UNCONTROLLED
Uncontrolled term Malayalam Literature
942 ## - ADDED ENTRY ELEMENTS (KOHA)
item type Books
Holdings
Lost status Source of classification or shelving scheme Not for loan Home library Current library Date acquired Cost, normal purchase price Total Checkouts Full call number Barcode Date last seen Cost, replacement price Price effective from Koha item type
  Universal Decimal Classification   University Library University Library 22/02/2018 0.00   89M-3.09 UNN 00080167 22/02/2018 0.00 22/02/2018 Books
University Library, CUSAT